000
00230nam a2200097Ia 4500
008
190216s9999||||xx |||||||||||||| ||und||
100
_a
Chaudary H K
245
0
_a
Elementary Principles Of Plant Biology
260
_b
Null
942
_c
BK
999
_c
1168
_d
1168